Book-keeping (Record no. 11112)

000 -LEADER
fixed length control field 00460 a2200169 4500
020 ## - INTERNATIONAL STANDARD BOOK NUMBER
International Standard Book Number 0750636513
082 ## - DEWEY DECIMAL CLASSIFICATION NUMBER
Classification number 657.2
090 ## - LOCALLY ASSIGNED LC-TYPE CALL NUMBER (OCLC); LOCAL CALL NUMBER (RLIN)
-- 7309
-- 7309
100 ## - MAIN ENTRY--PERSONAL NAME
Personal name Whitehead, G. M.
245 ## - TITLE STATEMENT
Title Book-keeping
Remainder of title Made simple
Statement of responsibility, etc. Whitehead, G. M.
250 ## - EDITION STATEMENT
Edition statement 5th ed.
260 ## - PUBLICATION, DISTRIBUTION, ETC.
Place of publication, distribution, etc. New Delhi (India)
Name of publisher, distributor, etc. Made Simple Books
Date of publication, distribution, etc. 1997
300 ## - PHYSICAL DESCRIPTION
Extent xiv, 378 p. ;
Other physical details ill. ;
Dimensions 25 cm.
500 ## - GENERAL NOTE
General note Includes index
650 ## - SUBJECT ADDED ENTRY--TOPICAL TERM
Topical term or geographic name entry element 1. Book-keeping--Great Britain.
942 ## - ADDED ENTRY ELEMENTS (KOHA)
Koha item type Book
Call number prefix 657.2 WHI
Holdings
Withdrawn status Lost status Damaged status Not for loan Permanent Location Current Location Date acquired Total Checkouts Total Renewals Full call number Barcode Date last seen Date last checked out Price effective from Koha item type
        Central Library (CL) Central Library (CL) 01/31/2022 2 1 657.2 WHI SEECSD00652 08/18/2022 01/31/2022 11/14/2012 Book
© 2023 Central Library, National University of Sciences and Technology. All Rights Reserved.